New Zealand's Longest Rivers on a Map - Statistics

General Stats
  • This quiz has been taken 208 times
  • The average score is 7 of 24
Answers on the Map
Answers color-coded by a green-red scale on the quiz's map according to % correct below.
 
Answer Stats
Answer Length (km) % Correct
Waikato 425
94%
Whanganui 290
79%
Clutha / Mata-Au 322
68%
Waimakariri 161
52%
Buller / Kawatiti 177
44%
Rakaia 145
41%
Manawatu 182
35%
Rangitīkei 241
30%
Waitaki 209
30%
Wairau 169
27%
Taieri 288
25%
Waiau 217
24%
Mokau 158
19%
Waihou 175
19%
Rangitaiki 193
17%
Waiau Toa / Clarence 209
17%
Pātea 143
16%
Ngaruroro 154
14%
Whangaehu 161
14%
Mohaka 172
13%
Motu 147
13%
Ōreti 203
13%
Matauru 240
5%
Waiau Uwha 169
5%
No matching quizzes found
Score Distribution
Percent of People with Each Score
Percentile by Number Answered
Your Score History
You have not taken this quiz